00469 2200181 4500001002100000008004100021035002000062245005100082100001600133110001700149260003100166300001200197020001800209084001400227082000800241650001900249990001900268INLIS000000000001144 ind  a0010-0724001144 aBermain Dengan Listrik Dan MagnetcWidya Utama aWidya Utama aUtama, Widya aSurabayabWidyantarac1997 a55 hlm. a979-8491-03-3 a621 UTA b a621 aFisika Terapan aP29/CP/24/1144